000 00361nam a2200157Ia 4500
008 130318s9999 xx 000 0 und d
020 _a9812530363
082 _a511.6 TUC/A
100 _aTucker, Alan
245 _aApplied combinatorics
250 _a4
260 _bWiley
_aNew York
_c2002
300 _a446
650 _aCOMBINATORICS
650 _aGRAPH THEORY
999 _c690
_d690